| 000 | 00749nam a2200253Ia 4500 | ||
|---|---|---|---|
| 003 | OSt | ||
| 005 | 20220925203856.0 | ||
| 006 | a|||||r|||| 00| 0 | ||
| 007 | ta | ||
| 008 | 220923b |||||||| |||| 00| 0 eng d | ||
| 037 | _cGeneral Book | ||
| 040 |
_aRTL _cRTL _beng |
||
| 041 |
_2eng _aeng |
||
| 082 | _aY7741, L4 | ||
| 100 |
_aAdie Robert F _9267216 |
||
| 245 | 0 |
_aLatin America _b The politics of immobility |
|
| 260 |
_aEnglewoos _bCliffs New Jersey Prentice-Hall _c1974 |
||
| 300 |
_ax, 278p _ccm. |
||
| 500 | _aBibliography at the end of each chapter | ||
| 650 | _aRed Indians | ||
| 700 |
_a Poitras Guy E _9267217 |
||
| 942 |
_hY7741, L4 _cGB _2CC |
||
| 999 |
_c547994 _d547994 |
||